[Event "Frankfurt-chB"]
[Site "Frankfurt"]
[Date "2019.05.13"]
[Round "3"]
[White "Hartwig, Horst"]
[Black "Brendel, Lutz"]
[Result "0-1"]
[WhiteElo "1080"]
[BlackElo "1407"]
[PlyCount "90"]
[EventDate "2019.04.29"]
[EventType "swiss"]
[EventRounds "7"]
[EventCountry "GER"]
[SourceTitle "EXT 2020"]
[Source "ChessBase"]
[SourceDate "2019.10.17"]
[SourceVersion "1"]
[SourceVersionDate "2019.10.17"]
[SourceQuality "1"]

1. d4 Nf6 2. Nc3 d6 3. Bg5 Nbd7 4. e4 h6 5. Bh4 g5 6. Bg3 Bg7 7. h3 c5 8. d5 a6 9. Nf3 b5 10. Be2 b4 11. Na4 Nxe4 12. Bh2 Qa5 13. b3 Bxa1 14. Qxa1 Nef6 15. Qd1 Bb7 16. Bc4 Nb6 17. Nxb6 Qxb6 18. 0-0 0-0-0 19. Qa1 Rhe8 20. Rd1 g4 21. hxg4 Nxg4 22. Bg3 Rg8 23. Re1 Rde8 24. Nh2 Nxh2 25. Kxh2 a5 26. c3 Ba6 27. Bxa6+ Qxa6 28. c4 a4 29. Qb1 Kd8 30. Qf5 axb3 31. axb3 f6 32. Bf4 Qa2 33. Kg1 Qxb3 34. Qe4 h5 35. Rb1 Qh3 36. Bg3 Qg4 37. Qc2 Kc7 38. Qa4 Rb8 39. Re1 Rg7 40. Qc6+ Kd8 41. Rxe7 Rxe7 42. Qxd6+ Ke8 43. f3 Qd4+ 44. Bf2 Re1+ 45. Kh2 Qe5+ 0-1

[Event "Frankfurt-chB"]
[Site "Frankfurt"]
[Date "2015.06.08"]
[Round "6"]
[White "Goodwin, David"]
[Black "Hartwig, Horst"]
[Result "1-0"]
[WhiteElo "1403"]
[BlackElo "1156"]
[PlyCount "49"]
[EventDate "2015.04.27"]
[EventType "swiss"]
[EventRounds "7"]
[EventCountry "GER"]
[SourceTitle "EXT 2016"]
[Source "ChessBase"]
[SourceDate "2015.10.08"]
[SourceVersion "1"]
[SourceVersionDate "2015.10.08"]
[SourceQuality "1"]

1. Nf3 d5 2. g3 Nc6 3. Bg2 e5 4. d3 Nf6 5. 0-0 h6 6. Nbd2 Bf5 7. Nh4 Bh7 8. e4 d4 9. Nhf3 g5 10. Nc4 Qe7 11. c3 0-0-0 12. a4 a5 13. Qc2 Qc5 14. Bd2 Bg7 15. b4 axb4 16. cxb4 Nxb4 17. Bxb4 Qxb4 18. Rfb1 Qe7 19. Qb2 b6 20. a5 Kd7 21. Qb5+ Ke6 22. Nfxe5 Nd5 23. exd5+ Rxd5 24. Bxd5+ Kf5 25. Be4+ 1-0

[Event "Frankfurt-chB"]
[Site "Frankfurt"]
[Date "2013.06.10"]
[Round "6"]
[White "Hartwig, Horst"]
[Black "Droeser, Wolfgang"]
[Result "1-0"]
[WhiteElo "1201"]
[BlackElo "1201"]
[PlyCount "91"]
[EventDate "2013.04.29"]
[EventType "swiss"]
[EventRounds "7"]
[EventCountry "GER"]
[SourceTitle "EXT 2014"]
[Source "ChessBase"]
[SourceDate "2013.11.20"]
[SourceVersion "1"]
[SourceVersionDate "2013.11.20"]
[SourceQuality "1"]

1. e4 c5 2. Bc4 e6 3. Nc3 a6 4. d4 b5 5. Be2 Bb7 6. d5 Qb6 7. Be3 e5 8. Nf3 d6 9. b4 Nd7 10. 0-0 Ngf6 11. h3 Qc7 12. bxc5 dxc5 13. Nh4 b4 14. d6 Qc6 15. Nd5 Bxd6 16. Bf3 Nxd5 17. exd5 Qc7 18. Nf5 0-0 19. Be4 Nf6 20. Qf3 Nxe4 21. Qxe4 f6 22. Rfd1 Rad8 23. Rd3 a5 24. a3 Ba6 25. Rd2 bxa3 26. c4 Rb8 27. Rxa3 Rb4 28. Rc2 Ra8 29. Qg4 Bf8 30. g3 Kh8 31. Qe4 g6 32. Nh4 f5 33. Qd3 Be7 34. Bd2 Rb1+ 35. Kg2 Bc8 36. Rca2 Bxh4 37. gxh4 Qd6 38. Qxb1 Rb8 39. Qd3 e4 40. Qc3+ Kg8 41. Qg3 Qf8 42. Rxa5 Bb7 43. h5 Kf7 44. Qc7+ Kf6 45. Bf4 gxh5 46. Ra6+ 1-0

[Event "Frankfurt-chB"]
[Site "Frankfurt"]
[Date "2012.06.11"]
[Round "6"]
[White "Droeser, Wolfgang"]
[Black "Hartwig, Horst"]
[Result "1-0"]
[WhiteElo "1263"]
[BlackElo "1244"]
[PlyCount "75"]
[EventDate "2012.04.30"]
[EventType "swiss"]
[EventRounds "7"]
[EventCountry "GER"]
[SourceTitle "EXT 2013"]
[Source "ChessBase"]
[SourceDate "2012.11.22"]
[SourceVersion "1"]
[SourceVersionDate "2012.11.22"]
[SourceQuality "1"]

1. f4 Nc6 2. Nf3 Nf6 3. e3 d5 4. c3 a6 5. g3 Bg4 6. Bg2 e5 7. fxe5 Nxe5 8. 0-0 Ne4 9. d4 Nc4 10. b3 Bd6 11. Qe1 Nb6 12. Bb2 Qd7 13. Kh1 Bh3 14. Nbd2 Bxg2+ 15. Kxg2 Qg4 16. Nxe4 Qxe4 17. Kg1 h6 18. Qf2 f6 19. Nd2 Qe6 20. Rae1 0-0-0 21. e4 Nd7 22. c4 c6 23. exd5 Qf7 24. dxc6 bxc6 25. c5 Bc7 26. Qe2 Nb8 27. Qd3 Ba5 28. Ra1 Rhe8 29. Nc4 Bc7 30. Bc3 Rd5 31. a4 Qh5 32. Rae1 Nd7 33. Nd6+ Bxd6 34. cxd6 Nb8 35. Rxe8+ Qxe8 36. Re1 Qg8 37. Qg6 Rxd6 38. Re8+ 1-0

[Event "Frankfurt-chB"]
[Site "Frankfurt"]
[Date "2012.05.14"]
[Round "3"]
[White "Woehl, Torsten"]
[Black "Hartwig, Horst"]
[Result "1-0"]
[WhiteElo "1659"]
[BlackElo "1244"]
[PlyCount "74"]
[EventDate "2012.04.30"]
[EventType "swiss"]
[EventRounds "7"]
[EventCountry "GER"]
[SourceTitle "EXT 2013"]
[Source "ChessBase"]
[SourceDate "2012.11.22"]
[SourceVersion "1"]
[SourceVersionDate "2012.11.22"]
[SourceQuality "1"]

1. c4 e5 2. Nc3 Nf6 3. Nf3 Nc6 4. g3 Bb4 5. Qb3 Bc5 6. Bg2 Rb8 7. Ng5 Nd4 8. Qd1 0-0 9. e3 Ne6 10. Nxe6 fxe6 11. Ne4 d5 12. Nxc5 dxc4 13. b4 b6 14. Ne4 Nxe4 15. Bxe4 Bb7 16. Bxb7 Rxb7 17. Bb2 Qd5 18. Rf1 c5 19. Bc3 Rbf7 20. Qe2 Qg2 21. 0-0-0 b5 22. bxc5 Rxf2 23. Rxf2 Rxf2 24. Qh5 Qd5 25. Qe8+ Rf8 26. Qxb5 h6 27. Qa5 Kh7 28. Qc7 Rg8 29. Qxe5 Qc6 30. Rf1 Qd7 31. Qe4+ g6 32. Qxc4 Rc8 33. Rf6 Re8 34. Qe4 Qg7 35. Rxe6 Rxe6 36. Qxe6 Qf8 37. Qd7+ Kg8 1-0